Central Library OPAC University of Rajshahi

کيفىہ : اردو زبان کى مختصر تارىخ اور اس کى انشا اور املا وغىرہ کے متعلق ہر قسم کى ضرورى اور اہم امور سے بحث / Kaifiyah : Urdū zabān kī muk̲h̲taṣar tārīk̲h̲ aur us kī inshā aur imlā vag̲h̲airah ke mutaʻalliq har qism ke ẓurūrī aur ahamm umūr se baḥs̲ / (Record no. 85347)

MARC details
000 -LEADER
fixed length control field 01061nam a22002177a 4500
001 - CONTROL NUMBER
control field 85347
003 - CONTROL NUMBER IDENTIFIER
rucl marc code BD-RjUL
005 - DATE AND TIME OF LATEST TRANSACTION
control field 20250729100441.0
008 - FIXED-LENGTH DATA ELEMENTS--GENERAL INFORMATION
fixed length control field 250729s1950 pak||||| |||| 00| 0 urd d
035 ## - SYSTEM CONTROL NUMBER
System control number (BD-RjUL)85347
040 ## - CATALOGING SOURCE
Original cataloging agency BD-RjUL
Language of cataloging eng
Transcribing agency BD-RjUL
041 ## - LANGUAGE CODE
Language code of text/sound track or separate title urd
082 ## - DEWEY DECIMAL CLASSIFICATION NUMBER
Edition number 23
Classification number 891.43909
100 ## - MAIN ENTRY--PERSONAL NAME
Personal name کيفى، برجموہن دتاتريہ، ;; Kaifī., Brijmohan Dittātriyah
Fuller form of name 1955-1866
9 (RLIN) 16310
245 10 - TITLE STATEMENT
Title کيفىہ : اردو زبان کى مختصر تارىخ اور اس کى انشا اور املا وغىرہ کے متعلق ہر قسم کى ضرورى اور اہم امور سے بحث / Kaifiyah : Urdū zabān kī muk̲h̲taṣar tārīk̲h̲ aur us kī inshā aur imlā vag̲h̲airah ke mutaʻalliq har qism ke ẓurūrī aur ahamm umūr se baḥs̲ /
Statement of responsibility, etc. :برجموہن دتاترىہ کيفى,;; Brijmohan Dittātriyah Kaifī.
260 ## - PUBLICATION, DISTRIBUTION, ETC. (IMPRINT)
Place of publication, distribution, etc. Lāhaur :
Name of publisher, distributor, etc. Maktubah i Maainul adab ,
Date of publication, distribution, etc. 1950
300 ## - PHYSICAL DESCRIPTION
Pagination 374 p. ;
Size 18 cm
650 ## - SUBJECT ADDED ENTRY--TOPICAL TERM
Topical term or geographic name as entry element Urdu language
Form subdivision History
9 (RLIN) 4425
Topical term or geographic name as entry element Urdu philology
9 (RLIN) 14123
942 ## - ADDED ENTRY ELEMENTS (KOHA)
Source of classification or shelving scheme Dewey Decimal Classification
Koha item type Books
Holdings
Lost status Source of classification or shelving scheme Damaged status Not for loan Collection code Permanent Location Current Location Shelving location Date acquired Total Checkouts Full call number Date last seen Copy number Koha item type
  Dewey Decimal Classification   Not For Loan Non-fiction Central Library, University of Rajshahi Central Library, University of Rajshahi Reading Room 29/07/2025   U 891.43909 KAK 1950 29/07/2025 C-1 Books